|
|
|
|
| LEADER |
00000cam a2200000 a 4500 |
| 001 |
vtls001073677 |
| 003 |
SK-MaSNL |
| 005 |
20260425231450.0 |
| 008 |
231121s1993 xo l frn 10000 slo |
| 015 |
|
|
|a SNBA1994/01
|
| 020 |
|
|
|a 8023102818
|q (brožované)
|
| 035 |
|
|
|a SNK000016509
|
| 040 |
|
|
|a SNK
|b slo
|c SNK
|e AACR2
|
| 041 |
0 |
|
|a slo
|
| 044 |
|
|
|a xo
|c SK
|
| 080 |
|
|
|a 37.02(082)
|2 1981
|
| 080 |
|
|
|a 37.02
|2 2011
|
| 080 |
|
|
|a (042.3)
|2 2011
|
| 080 |
|
|
|a (062.534)
|2 2011
|
| 080 |
|
|
|a 37.091.3
|2 2011
|
| 080 |
|
|
|a 37.0:001.895
|2 2011
|
| 080 |
|
|
|a 37.01/.09
|2 2011
|
| 111 |
2 |
|
|a Didaktika '93
|n (1. :
|d 1993 :
|c Žilina, Slovensko)
|4 aut
|9 449916
|
| 245 |
1 |
0 |
|a Didaktika '93
|b zborník prednášok z 1. medzinárodnej konferencie spojenej s výstavou : Žilina : 2.-4.11.1993
|
| 250 |
|
|
|a [1. vyd.]
|
| 260 |
|
|
|a Žilina
|b Dom techniky ZSVTS
|c 1993
|
| 300 |
|
|
|a 375 strán
|b schémy, tabuľky
|c 21 cm
|
| 366 |
|
|
|e 200 výtl.
|
| 504 |
|
|
|a Obsahuje biliografiu
|
| 650 |
0 |
7 |
|a didaktika
|2 SNKPH
|9 3484
|
| 650 |
0 |
7 |
|a vyučovacie metódy
|2 SNKPH
|9 1521
|
| 650 |
0 |
7 |
|a inovácie vo vzdelávaní
|2 SNKPH
|9 79699
|
| 650 |
0 |
7 |
|a vzdelávanie
|2 SNKPH
|9 4033
|
| 655 |
|
7 |
|a zborníky konferencií
|2 SNKPH
|9 70153
|
| 655 |
|
7 |
|a prednášky
|2 SNKPH
|9 70554
|
| 710 |
2 |
|
|a Univerzita Mateja Bela v Banskej Bystrici
|4 pbl
|9 166817
|
| 919 |
|
|
|a 80-231-0281-8
|
| 954 |
|
|
|a odborná, vedecká literatúra pôvodná (slovenská)
|2 lita
|
| 958 |
|
|
|a RM
|
| 958 |
|
|
|a NB
|
| 958 |
|
|
|a OND
|
| 958 |
|
|
|a EUIPO
|
| 999 |
|
|
|c 705201
|d 707131
|
| 952 |
|
|
|a SNK
|b SNK
|y PREZ
|7 0
|p 17A0996702
|o snkSC 84937
|0 0
|1 0
|4 0
|d 2012-08-15
|f 1
|l 0
|r 2025-08-25 00:00:00
|w 2026-02-23
|
| 952 |
|
|
|t P60, <04>, [BOOK], {604}
|a SNK
|b SNK
|y VYP
|7 0
|p 17A0254295
|o snkSC 84937 D1
|i snkKSP 324/94
|0 0
|1 0
|4 0
|d 2000-10-11
|l 0
|r 2004-12-31 00:00:00
|w 2026-02-23
|